| 000 | 00957nam a22003011a 4500 | ||
|---|---|---|---|
| 001 | 1294483 | ||
| 005 | 20110718131446.0 | ||
| 008 | 760910s1976 sw af b 001 0 eng | ||
| 010 | _a76365364 | ||
| 015 | _aS*** | ||
| 020 | _a0903983486 | ||
| 035 | _9(DLC) 76365364 | ||
| 040 |
_aDLC _cDLC _dDLC |
||
| 043 | _af-sa--- | ||
| 050 | 0 | 0 |
_aDT878.Z9 _bB45 |
| 082 | 0 | 0 | _aDT 878.Z9B45 1976 |
| 100 | 1 | _aBerglund, Axel-Ivar. | |
| 245 | 1 | 0 |
_aZulu thought-patterns and symbolism / _cAxel-Ivar Berglund. _h[Text] |
| 260 |
_aLondon _bC. Hurst & Co. _c1976 |
||
| 300 | _a402 p., [1] leaf of plates : ill. ; 24 cm. | ||
| 440 | 0 |
_aStudia missionalia Upsaliensia, _v22 |
|
| 500 | _aIncludes index. | ||
| 504 | _aBibliography: p. 390-396. | ||
| 650 | 0 |
_aZulu (African people) _xSocial life and customs. |
|
| 650 | 0 |
_aZulu (African people) _xReligion. |
|
| 906 |
_a7 _bcbc _corignew _du _encip _f19 _gy-gencatlg |
||
| 991 |
_bc-GenColl _hDT878.Z9 _iB45 _tCopy 1 _wBOOKS |
||
| 999 |
_c33405 _d33405 |
||